100 Flüsse auf einer Weltkarte - Statistiken

Allgemein
  • Dieses Quiz wurde 1.195 mal gespielt
    839 seit der letzten Aktualisierung
  • Das Durchschnittsergebnis liegt bei 27 aus 100
Antworten auf der Karte
Die Antworten werden auf der Karte rot bzw. grün angezeigt, abhängig davon wie oft sie richtig erraten wurden.
 
Antwortstatistiken
Fluss % Korrekt
Don
97%
Nil
97%
Donau
96%
Rhein
96%
Amazonas
95%
Elbe
90%
Wolga
81%
Po
80%
Mississippi
79%
Kongo
69%
Ganges
66%
Rhône
63%
Niger
62%
Gelber Fluss
56%
Lena
56%
Loire
56%
Euphrat
55%
Missouri
55%
Colorado
54%
Jangtsekiang
54%
Tigris
54%
Mekong
52%
Weichsel
52%
Ebro
49%
Río Grande
49%
Ob
47%
Sambesi
47%
Yukon
44%
Indus
42%
Amur
40%
Blauer Nil
33%
Orinoko
33%
Tajo
32%
Dnepr
30%
Ural
30%
Ohio
29%
Paraná
29%
Murray
24%
Mackenzie
23%
Jenissei
22%
Río Negro
22%
Sankt-Lorenz-Strom
22%
Senegal
22%
Brahmaputra
19%
Oranje
19%
Uruguay
18%
Paraguay
17%
Duero
16%
Dnister
15%
Arkansas
14%
Okavango
14%
Tennessee
14%
Volta
14%
Darling
13%
Roter Fluss
13%
Columbia
12%
Perlfluss
12%
Irtysch
11%
Düna
10%
Snake River
10%
Amudarja
9%
Limpopo
9%
São Francisco
9%
Syrdarja
9%
Irrawaddy
7%
Nelson
7%
Saluen
7%
Ubangi
7%
Angara
6%
Athabasca
6%
Ottawa
6%
Untere Tunguska
6%
Anadyr
5%
Friedensfluss
5%
Kama
5%
Kasai
5%
Kolyma
5%
Krishna
5%
Madeira
5%
Magdalena
5%
Nördliche Dwina
5%
Petschora
5%
Platte
5%
Saskatchewan
5%
Tarim
5%
Tocantins
5%
Godavari
4%
Japurá
4%
Jubba
4%
Kura
4%
Narmada
4%
Purus
4%
Xingu
4%
Aldan
3%
Hilmend
3%
Indigirka
3%
Pilcomayo
3%
Sungari
3%
Tapajós
3%
Araguaia
2%
Keine übereinstimmenden Quizze gefunden
Verteilung der Resultate
Anzahl Personen mit jedem Resultat
Perzentil nach korrekt beantworteten Fragen
Ihre Resultats-Entwicklung
Sie haben dieses Quiz seit der letzten Aktualisierung nicht gespielt